000 00782cab a2200253 4500
001 WB3031-14
008 090401t1994 xxu||||| |||| 00| 0 eng d
035 _a(Sirsi) u30003
041 _aeng
245 _aUnravelled cloth
260 _c1994
350 _a0
490 _aFinancial Times
_v12 August 1994, 9(1)
520 _aThe management of the Church of England, particularly its finances, property assets and investment portfolio, is being examined by a commission led by the Bishop of Durham.
650 _aCHURCH COMMISSIONERS
650 _aCHURCH OF ENGLAND
650 _aDECISION-MAKING
650 _aINQUIRY
650 _aMANAGEMENT STRUCTURES
650 _aORGANISATION
690 _aCOMMERCIAL PROPERTY-MANAGEMENT
942 _n0
948 _c04/03/1997
999 _c20194
_d20194